| 000 | 01350nam a22002057a 4500 | ||
|---|---|---|---|
| 005 | 20240910101741.0 | ||
| 008 | 230714b ||||| |||| 00| 0 eng d | ||
| 040 |
_cSSBUL _dSSBUL |
||
| 082 |
_223 _a၉၅၉.၁၀၂၁၀၉၂ တင် _b၁၆၀၁၁ (S-SAT) |
||
| 100 | 0 |
_aတင်ထွေး။ _919514 |
|
| 245 | 1 |
_aတတိယမြန်မာနိုင်ငံကို တည်ထောင်ခဲ့သူ အလောင်းမင်းတရားဦးအောင်ဇေယျ / _cတင်ထွေး။ |
|
| 260 |
_aရန်ကုန်၊ _bကြေးမုံသတင်းစာတိုက်၊ _c၁၉၉၂။ |
||
| 300 |
_a၁၅၁ စာမျက်နှာ၊ _c၁၈ စင်တီ။ |
||
| 440 |
_aမျိုးချစ်စိတ်ဓာတ်ထက်သန်ရေး ပညာပြန့်ပွားလှုံ့ဆော်ရေးစာစဉ်။ _928036 |
||
| 500 | _aS-SAT: Sai Aung Tun | ||
| 504 | _6ကျမ်းကိုးစာရင်းပါရှိသည်။ | ||
| 650 |
_aအလောင်းမင်းတရား ဦးအောင်ဇေယျ _928037 _xအတ္ထုပ္ပတ္တိ။ |
||
| 650 |
_aမြန်မာနိုင်ငံ _yကုန်းဘောင်ခေတ် _vသမိုင်း။ _954575 |
||
| 942 |
_2ddc _cBK1 |
||
| 999 |
_c27237 _d27237 |
||